[Event "European Cities & Towns Chess Championship - Open/Seniors"]
[Site "Central Europe"]
[Date "2023.01.29"]
[Round "8.10.2"]
[White "Kosta, Kelvin"]
[Black "Zagar, Katarina"]
[Result "1-0"]
[WhiteElo "1950"]
[BlackElo "1153"]
[BlackCountry "SI"]
[BlackFideId "14653826"]
[BlackTeam "Ljubljana - Komenda"]
[WhiteCountry "AL"]
[WhiteFideId "4703855"]
[WhiteTeam "Butrinti"]

1. e4 e5 2. Nf3 Nc6 3. Bc4 Bc5 4. d3 h6 5. c3 Nf6 6. h3 d5 7. exd5 Nxd5 8.
 O-O O-O 9. Re1 Re8 10. b4 Bb6 11. a4 a6 12. Qb3 Be6 13. Na3 f6 14. Be3 
Bxe3 15. fxe3 Qd6 16. Rad1 Nb6 17. a5 Bxc4 18. dxc4 Qe6 19. axb6 cxb6 20. 
Qc2 a5 21. b5 Ne7 22. Rd2 Qf5 23. Qxf5 Nxf5 24. e4 Ne7 25. Rd7 Rab8 26. 
Red1 Ng6 27. R1d6 Nf4 28. Rxb6 Ne2+ 29. Kf2 Nxc3 30. Ke3 Nd1+ 31. Rxd1 Re7
32. c5 Rc7 33. c6 Kh7 34. Rd7 Rxd7 35. cxd7 a4 36. Rxb7 Rd8 37. Nd2 Kg6 
38. Ndc4 Kf7 39. Na5 Ke7 40. Nc6+ Ke6 41. Nxd8+ Ke7 42. Nc6+ Kd6 43. d8=Q+
Kc5 44. Qd5# 1-0

[Event "European Cities & Towns Chess Championship - Open/Seniors"]
[Site "Central Europe"]
[Date "2023.01.29"]
[Round "8.10.3"]
[White "Krstic, David"]
[Black "Mihasi, Erald"]
[Result "0-1"]
[WhiteElo "1000"]
[BlackElo "1909"]
[BlackCountry "AL"]
[BlackFideId "4700902"]
[BlackTeam "Butrinti"]
[WhiteCountry "SI"]
[WhiteFideId "14654946"]
[WhiteTeam "Ljubljana - Komenda"]

1. d4 Nf6 2. c4 e5 3. dxe5 Ng4 4. Nf3 Bc5 5. e3 Nc6 6. h3 Ngxe5 7. Nxe5 
Nxe5 8. Nc3 O-O 9. Be2 Re8 10. O-O a5 11. b3 Ra6 12. Bb2 Rg6 13. Ne4 Ba7 
14. Ng3 d6 15. Bh5 Rh6 16. Be2 Qh4 17. Bd3 Bxh3 18. gxh3 Qxh3 19. Re1 Qh2+
20. Kf1 Rf6 21. Ne4 Rfe6 22. Ke2 Nxd3 23. Qxd3 Rxe4 24. Rh1 Rxe3+ 25. Qxe3
Rxe3+ 26. Kd2 Qxf2+ 27. Kc1 Re1+ 28. Rxe1 Qxe1+ 29. Kc2 Qe2+ 30. Kc3 Bd4+ 
31. Kxd4 Qxb2+ 32. Kd5 0-1

[Event "European Cities & Towns Chess Championship - Open/Seniors"]
[Site "Central Europe"]
[Date "2023.01.29"]
[Round "8.11.1"]
[White "Freeland, Alex"]
[Black "Kumar, Sanjit S"]
[Result "1/2-1/2"]
[WhiteElo "2016"]
[BlackElo "1968"]
[BlackCountry "GB"]
[BlackFideId "468142"]
[BlackTeam "London Juniors"]
[WhiteCountry "GB"]
[WhiteFideId "1802062"]
[WhiteTeam "Hammersmith - West London"]

1. d4 e6 2. c4 d5 3. Nc3 c6 4. e4 dxe4 5. Nxe4 Be7 6. Nf3 Nf6 7. Bd3 Nbd7 
8. O-O Nxe4 9. Bxe4 Nf6 10. Bc2 Qc7 11. Bg5 b6 12. Re1 Bb7 13. d5 cxd5 14.
 Bxf6 Bxf6 15. cxd5 O-O 16. dxe6 fxe6 17. Rc1 Qf7 18. Qd3 Qh5 19. Bb3 Bxb2
20. Rxe6 Kh8 21. Rce1 Bxf3 22. gxf3 Rad8 23. Qe4 Bd4 24. Re2 Qxf3 25. Qxf3
Rxf3 26. Re8+ Rf8 27. Rxd8 Rxd8 28. Kg2 Bf6 29. Ba4 g6 30. Re8+ Rxe8 31. 
Bxe8 Kg7 32. Kf3 Be5 33. h3 Kf6 34. Ke4 Ke6 35. f4 Bf6 36. Ba4 Kd6 37. Bb3
h6 38. Bf7 g5 39. Kf5 Ke7 40. Bd5 gxf4 41. Kxf4 Bg5+ 42. Ke5 Bc1 43. Bb3 
Kd7 44. Kd5 Kc7 45. Bc4 Bd2 46. Ba6 Bg5 47. Bb5 Bf4 48. Ba6 Kd7 49. h4 Ke7
50. h5 Kf6 51. Kc6 Kg5 52. Be2 Be3 53. Kb7 a5 54. a4 Kf4 55. Bb5 Kg3 56. 
Kc6 Bc5 57. Kd5 Be3 58. Ke6 1/2-1/2

[Event "European Cities & Towns Chess Championship - Open/Seniors"]
[Site "Central Europe"]
[Date "2023.01.29"]
[Round "8.11.2"]
[White "Patel, Zain"]
[Black "Brixel, Christof, Dr."]
[Result "0-1"]
[WhiteElo "1806"]
[BlackElo "1952"]
[BlackCountry "DE"]
[BlackFideId "16277040"]
[BlackTeam "Hammersmith - West London"]
[WhiteCountry "GB"]
[WhiteFideId "469246"]
[WhiteTeam "London Juniors"]

1. d4 Nf6 2. Nf3 e6 3. c4 d5 4. Nc3 Bb4 5. Qa4+ Nc6 6. e3 O-O 7. Bd2 dxc4 
8. Bxc4 a6 9. Qc2 Na5 10. Bd3 c5 11. a3 Bxc3 12. Bxc3 cxd4 13. Bxd4 h6 14.
 Rd1 Nc6 15. Bc5 Bd7 16. Bxf8 Qxf8 17. O-O Rc8 18. Qe2 e5 19. Bb1 e4 20. 
Nd4 Bg4 21. f3 exf3 22. gxf3 Bh3 23. Rfe1 Nxd4 24. Rxd4 Qc5 25. Qd2 g6 26.
 Rh4 Qg5+ 27. Rg4 Nxg4 28. fxg4 Qxg4+ 29. Kh1 Qf3+ 30. Kg1 Rc5 31. Qd8+ 
Kh7 32. Bxg6+ Kxg6 33. Qd6+ Kh7 34. Qd3+ Rf5 35. Qc2 Kg7 36. Qc3+ Kg6 37. 
Qd2 Kh5 38. e4 Qf1+ 39. Rxf1 Rxf1# 0-1

[Event "European Cities & Towns Chess Championship - Open/Seniors"]
[Site "Central Europe"]
[Date "2023.01.29"]
[Round "8.11.3"]
[White "Kelmendi, Bajrush"]
[Black "Yedid, Lior"]
[Result "1-0"]
[WhiteElo "1942"]
[BlackElo "1521"]
[BlackCountry "GB"]
[BlackFideId "487457"]
[BlackTeam "London Juniors"]
[WhiteCountry "GB"]
[WhiteFideId "426024"]
[WhiteTeam "Hammersmith - West London"]

1. e4 c5 2. c4 Nc6 3. Nc3 e6 4. d3 g6 5. Be2 Bg7 6. g4 Nge7 7. h4 d5 8. h5
gxh5 9. Rxh5 dxc4 10. dxc4 Qxd1+ 11. Bxd1 Bxc3+ 12. bxc3 Ng6 13. Rxc5 Bd7 
14. f4 O-O-O 15. Bf3 b6 16. Rh5 Na5 17. Be2 Kb7 18. Be3 Nc6 19. Nf3 Nge7 
20. Ng5 Rdf8 21. Nxh7 Rfg8 22. Nf6 Rxh5 23. gxh5 Rd8 24. Nxd7 Rxd7 25. Kf2
Ng8 26. Rg1 Rd8 27. Rg7 Rf8 28. Bf3 Nce7 29. Bd4 Kc6 30. Kg3 Kd6 31. Kh4 
Kd7 32. Kg5 f6+ 33. Kh4 Kd6 34. Rg1 Nh6 35. Be3 f5 36. e5+ Kd7 37. Rg7 Ke8
38. c5 Nc8 39. Bc6+ Kd8 40. Rd7+ Ke8 41. Rh7+ Kd8 42. Rxh6 Kc7 43. Rxe6 
Rg8 44. Bf3 Kd7 45. Rf6 Ne7 46. cxb6 axb6 47. Bxb6 Rh8 48. Be2 Rh7 49. 
Bb5+ Kc8 50. Bc4 Kb7 51. Bc5 Nc6 52. Bd5 Rc7 53. Rxc6 Rxc6 54. Bxc6+ Kxc6 
55. Bd4 Kb5 56. Kg5 Kc4 57. Kxf5 Kd3 58. h6 Kc4 59. h7 Kd3 60. h8=Q Kc4 
61. Qb8 Kd3 62. a4 Kc4 63. a5 Kd3 64. a6 Kc2 65. a7 Kd3 66. a8=Q Kc4 67. 
Ke6 Kd3 68. f5 Kc4 69. f6 Kd3 70. f7 Ke2 71. f8=Q Kd3 72. Kd5 Ke2 73. Ke4 
Kd2 74. e6 Kc2 75. e7 Kd2 76. e8=Q Ke2 77. c4 Kd2 78. c5 Kc2 79. c6 Kd2 
80. c7 Kd1 81. c8=Q Kd2 82. Qa2+ Ke1 83. Qc1# 1-0

[Event "European Cities & Towns Chess Championship - Open/Seniors"]
[Site "Central Europe"]
[Date "2023.01.29"]
[Round "8.11.4"]
[White "Hanache, Kai"]
[Black "Perchard, Matthew"]
[Result "1-0"]
[WhiteElo "1394"]
[BlackElo "1506"]
[BlackCountry "GB"]
[BlackFideId "343404235"]
[BlackTeam "Hammersmith - West London"]
[WhiteCountry "GB"]
[WhiteFideId "490105"]
[WhiteTeam "London Juniors"]

1. e4 e6 2. d4 d5 3. Nd2 dxe4 4. Nxe4 b6 5. Nf3 a5 6. Bd3 Be7 7. O-O Ba6 
8. c3 Nf6 9. Re1 Bxd3 10. Qxd3 c5 11. Nxf6+ Bxf6 12. Qe4 Nd7 13. d5 O-O 
14. dxe6 fxe6 15. Qxe6+ Kh8 16. Rd1 Ra7 17. Bf4 Re8 18. Qc6 Qc8 19. Qxc8 
Rxc8 20. Rd5 b5 21. Rd6 Nf8 22. Rad1 Raa8 23. Bg5 c4 24. Bxf6 gxf6 25. 
Rxf6 Kg7 26. Rfd6 b4 27. Nd4 Re8 28. Nf5+ Kf7 29. h3 Re2 30. R6d2 Rxd2 31.
 Rxd2 Kg6 32. Nd6 Rd8 33. Nxc4 Rxd2 34. Nxd2 bxc3 35. bxc3 Ne6 36. Nc4 a4 
37. Nb6 Nc5 38. Kf1 Kf5 39. Ke2 Ke4 40. f3+ Kf4 41. Kf2 Nd3+ 42. Kg1 Nc5 
43. a3 Kg3 44. Nd5 Ne6 45. c4 Kh4 46. Kf2 Kg5 47. Ke3 Kf5 48. g4+ Ke5 49. 
f4+ Kd6 50. f5 Ng5 51. h4 Nf7 52. g5 Kc5 53. g6 hxg6 54. fxg6 Nh6 55. Kd3 
Kd6 56. h5 Ke6 57. Ke4 Nf5 58. Nf4+ Kf6 59. c5 Ne7 60. Nd5+ Nxd5 61. Kxd5 
Ke7 62. h6 Kf8 63. c6 Ke7 64. Ke5 Kd8 65. Kd6 Kc8 66. h7 Kb8 67. h8=Q+ Ka7
68. c7 Kb6 69. Qb8+ Ka5 70. Qb4+ Ka6 71. c8=B+ Ka7 72. Qb7# 1-0

[Event "European Cities & Towns Chess Championship - Open/Seniors"]
[Site "Central Europe"]
[Date "2023.01.29"]
[Round "9.1.1"]
[White "Nguyen, Thai Dai Van"]
[Black "Jansa, Vlastimil"]
[Result "1-0"]
[WhiteElo "2656"]
[BlackElo "2398"]
[BlackCountry "CZ"]
[BlackFideId "300128"]
[BlackTeam "Prague - Seniors"]
[BlackTitle "GM"]
[Termination "time forfeit"]
[WhiteCountry "CZ"]
[WhiteFideId "358878"]
[WhiteTeam "Prague - Open"]
[WhiteTitle "GM"]

1. Nf3 g6 2. e4 Bg7 3. d4 d6 4. Nc3 Nf6 5. Be3 O-O 6. Qd2 Ng4 7. Bg5 h6 8.
 Bh4 c6 9. O-O-O b5 10. h3 Nf6 11. e5 b4 12. exf6 bxc3 13. Qxc3 exf6 14. 
g4 Be6 15. Bc4 d5 16. Bd3 a5 17. Rhe1 Qd7 18. a4 Na6 19. Bxa6 Rxa6 20. Nd2
f5 21. Nb3 fxg4 22. Nc5 Qc8 23. Nxa6 Qxa6 24. hxg4 Bxg4 25. f3 Bf5 26. Be7
Rc8 27. b3 h5 28. Kb1 Bh6 29. Bf6 c5 30. dxc5 Qc6 31. Bd4 Ra8 32. Re5 Be6 
33. Rg1 Kh7 34. Qd3 Qa6 35. Qd1 Bf4 36. Ree1 Bf5 37. Re7 Kg8 38. Bb2 f6 
39. Qd4 Be5 40. Rxe5 fxe5 41. Qxe5 Ra7 42. Qe8+ 1-0

[Event "European Cities & Towns Chess Championship - Open/Seniors"]
[Site "Central Europe"]
[Date "2023.01.29"]
[Round "9.1.2"]
[White "Sorm, Daniel"]
[Black "Rodshtein, Maxim"]
[Result "0-1"]
[WhiteElo "2302"]
[BlackElo "2616"]
[BlackCountry "IL"]
[BlackFideId "2806851"]
[BlackTeam "Prague - Open"]
[BlackTitle "GM"]
[Termination "time forfeit"]
[WhiteCountry "CZ"]
[WhiteFideId "5400139"]
[WhiteTeam "Prague - Seniors"]
[WhiteTitle "FM"]

1. d4 Nf6 2. c4 e6 3. Nc3 Bb4 4. e3 O-O 5. Bd3 d5 6. cxd5 exd5 7. Ne2 Bd6 
8. O-O Na6 9. a3 c5 10. Bxa6 bxa6 11. dxc5 Bxc5 12. Nd4 a5 13. Nce2 Ba6 
14. Re1 Ne4 15. Ng3 Qb6 16. Nxe4 dxe4 17. Bd2 Bxd4 18. exd4 Rfe8 19. Bc3 
Bd3 20. Qg4 f6 21. Rad1 a4 22. Re3 Rad8 23. Rde1 Qb5 24. Rg3 Re7 25. d5 
Kh8 26. d6 Rf7 27. Qe6 Qd7 28. Qxd7 Rfxd7 29. Bb4 Rc8 30. h4 a5 31. Bxa5 
Rxd6 32. Bc3 h5 33. f3 Rc4 34. fxe4 Bxe4 35. Rge3 Bc6 36. Re6 Rd3 37. Re7 
Rg3 38. R1e2 Rcg4 39. Rc7 Rxg2+ 40. Rxg2 Bxg2 41. Kh2 Bd5 42. Kh3 Be6 43. 
Re7 Bf5 0-1

[Event "European Cities & Towns Chess Championship - Open/Seniors"]
[Site "Central Europe"]
[Date "2023.01.29"]
[Round "9.1.3"]
[White "Movsesian, Sergei"]
[Black "Trickov, Vasil"]
[Result "1-0"]
[WhiteElo "2615"]
[BlackElo "2329"]
[BlackCountry "CZ"]
[BlackFideId "311103"]
[BlackTeam "Prague - Seniors"]
[BlackTitle "IM"]
[Termination "time forfeit"]
[WhiteCountry "AM"]
[WhiteFideId "310204"]
[WhiteTeam "Prague - Open"]
[WhiteTitle "GM"]

1. e4 c5 2. Nc3 Nc6 3. Nf3 g6 4. Bc4 Bg7 5. O-O e6 6. d4 cxd4 7. Nb5 d5 8.
 exd5 exd5 9. Bxd5 Nge7 10. Bxc6+ Nxc6 11. Bg5 Qb6 12. Nd6+ Kf8 13. Qd2 h6
14. Bf4 Be6 15. Rfe1 Kg8 16. h4 Bd5 17. Nh2 Qxb2 18. Ne8 Qc3 19. Qe2 Be5 
20. Qxe5 Nxe5 21. Nf6+ Kf8 22. Nxd5 Qc4 23. Rxe5 Re8 24. Rxe8+ Kxe8 25. 
Ng4 Kd8 26. Ngf6 Re8 27. Nxe8 Qxd5 28. Nd6 g5 29. hxg5 hxg5 30. Bxg5+ Kd7 
31. Bf4 b6 32. g3 Qf3 33. Nxf7 Qe2 34. Ne5+ Ke6 35. Rc1 Qa6 36. Nc6 Qa4 
37. Re1+ Kd5 38. Ne7+ Kc4 39. Nf5 Qxa2 40. Re4 Qxc2 41. Ne3+ 1-0

[Event "European Cities & Towns Chess Championship - Open/Seniors"]
[Site "Central Europe"]
[Date "2023.01.29"]
[Round "9.1.4"]
[White "Pribyl, Josef"]
[Black "Nemec, Jachym"]
[Result "0-1"]
[WhiteElo "2217"]
[BlackElo "2361"]
[BlackCountry "CZ"]
[BlackFideId "23716525"]
[BlackTeam "Prague - Open"]
[BlackTitle "FM"]
[Termination "time forfeit"]
[WhiteCountry "CZ"]
[WhiteFideId "300187"]
[WhiteTeam "Prague - Seniors"]
[WhiteTitle "IM"]

1. d4 Nf6 2. Nf3 g6 3. Nc3 d5 4. Bf4 Bg7 5. e3 O-O 6. Be2 c5 7. dxc5 Qa5 
8. Nd2 Qxc5 9. Nb3 Qc6 10. O-O Bf5 11. g4 Be6 12. Nb5 Bxg4 13. Nc7 Bxe2 
14. Qxe2 Nbd7 15. Nxa8 Rxa8 16. Rac1 Nh5 17. c4 Nxf4 18. exf4 Nf6 19. cxd5
Qxd5 20. Qxe7 Re8 21. Qc5 Qf3 22. Rfe1 Qg4+ 23. Kf1 Qh3+ 24. Kg1 Qg4+ 25. 
Kf1 Ne4 26. Qe3 Bh6 27. h3 Qh4 28. Qf3 f5 29. Kg2 Bxf4 30. Nc5 Qg5+ 31. 
Kh1 Bxc1 32. Qb3+ Kf8 33. Nxe4 fxe4 34. Qxb7 Bf4 35. Rxe4 Rxe4 36. Qxe4 
Kg7 37. Qb7+ Kh6 38. Qxa7 Qd5+ 39. Kg1 Qd2 40. Qa3 Be5 41. b4 Bd4 42. Qg3 
Qe1+ 43. Kg2 Qxb4 44. Qf4+ Kg7 45. Qc7+ Kh6 46. Qf4+ g5 47. Qe4 Qb6 48. f4
Qb2+ 49. Kf3 Qf2+ 50. Kg4 Qg1+ 51. Kf5 Bg7 52. Qe6+ Kh5 53. Qf7+ Kh4 54. 
Qxg7 Qb1+ 55. Ke6 Qxa2+ 56. Kd6 Qa6+ 57. Kd5 Qb5+ 58. Kd6 Qb8+ 59. Ke6 
Qc8+ 60. Kd6 Qd8+ 61. Ke6 Qe8+ 62. Kd6 Qg6+ 63. Qxg6 hxg6 64. fxg5 Kxh3 
65. Ke6 Kg4 66. Kf6 Kh5 67. Ke5 Kxg5 68. Ke4 Kg4 69. Ke3 g5 0-1

[Event "European Cities & Towns Chess Championship - Open/Seniors"]
[Site "Central Europe"]
[Date "2023.01.29"]
[Round "9.2.1"]
[White "Mastrovasilis, Dimitrios"]
[Black "Samunenkov, Ihor"]
[Result "1-0"]
[WhiteElo "2605"]
[BlackElo "2485"]
[BlackCountry "UA"]
[BlackFideId "14187086"]
[BlackTeam "Kyiv region"]
[BlackTitle "IM"]
[WhiteCountry "GR"]
[WhiteFideId "4202694"]
[WhiteTeam "Thessaloniki"]
[WhiteTitle "GM"]

1. e4 c6 2. d4 d5 3. Nd2 dxe4 4. Nxe4 Bf5 5. Ng3 Bg6 6. h4 h6 7. Bd3 Bxd3 
8. Qxd3 e6 9. N1e2 Nf6 10. Bd2 Be7 11. O-O-O c5 12. Ne4 Nbd7 13. dxc5 Nxe4
14. Qxe4 Nxc5 15. Qe5 Qd5 16. Qxd5 exd5 17. Be3 O-O-O 18. Nf4 Ne6 19. Nxd5
Bc5 20. Rhe1 Rhe8 21. a3 b6 22. c3 Kb7 23. Kc2 h5 24. g3 Bxe3 25. Nxe3 Nc5
26. Rxd8 Rxd8 27. Nf5 Ne6 28. Rd1 Rxd1 29. Kxd1 Kc6 30. Kc2 Kc5 31. Kd3 b5
32. b4+ Kb6 33. Nd6 Nd8 34. Ke4 Kc6 35. Nf5 g6 36. Nd4+ Kb6 37. Ke5 a5 38.
 Kd6 Nb7+ 39. Ke7 a4 40. Kxf7 Nd6+ 41. Kxg6 Ne4 42. Kxh5 Nxc3 43. Kg6 Nb1 
44. Nc2 1-0

[Event "European Cities & Towns Chess Championship - Open/Seniors"]
[Site "Central Europe"]
[Date "2023.01.29"]
[Round "9.2.2"]
[White "Grebeniuk, Semen"]
[Black "Papaioannou, Ioannis"]
[Result "0-1"]
[WhiteElo "2315"]
[BlackElo "2628"]
[BlackCountry "GR"]
[BlackFideId "4201345"]
[BlackTeam "Thessaloniki"]
[BlackTitle "GM"]
[Termination "time forfeit"]
[WhiteCountry "UA"]
[WhiteFideId "14117509"]
[WhiteTeam "Kyiv region"]

1. d4 Nf6 2. Nf3 e6 3. Bg5 c5 4. e3 cxd4 5. exd4 Be7 6. Nbd2 b6 7. c3 Bb7 
8. Bd3 d6 9. O-O Nbd7 10. Re1 O-O 11. a4 a6 12. h3 Re8 13. Bf4 Qc8 14. Bh2
Bc6 15. Qe2 Qb7 16. Nc4 Bxf3 17. gxf3 Qc6 18. Ne3 Qb7 19. Nc4 d5 20. Nd6 
Bxd6 21. Bxd6 Nf8 22. Bg3 Ng6 23. Kh2 Nh5 24. Qe3 b5 25. axb5 axb5 26. Qg5
Nxg3 27. fxg3 Rxa1 28. Rxa1 b4 29. Qd2 bxc3 30. bxc3 Nf8 31. Rb1 Qc7 32. 
Kg2 Rc8 33. Rc1 Qd6 34. Rc2 Nd7 35. h4 Qa3 36. h5 h6 37. g4 Qe7 38. Qe3 
Nf6 39. Be2 Qd6 40. f4 Qe7 41. Bf3 Qd8 42. Kg3 Ne8 43. Be2 Nd6 44. Bd3 Nc4
45. Bxc4 Rxc4 46. g5 hxg5 47. fxg5 Qb8+ 48. Kh3 Qb1 49. Qd3 Qh1+ 50. Kg4 
Qg1+ 51. Kh4 Ra4 52. g6 Qh1+ 53. Kg4 f5+ 54. Kf4 Qxh5 55. Qb5 Ra8 56. Rg2 
Qh4+ 57. Kf3 Qe4+ 58. Kg3 Qg4+ 59. Kf2 Ra2+ 60. Ke1 Qe4+ 61. Re2 Qxe2+ 62.
 Qxe2 Rxe2+ 63. Kxe2 Kf8 64. Ke3 Ke7 65. Kf4 Kf6 0-1

[Event "European Cities & Towns Chess Championship - Open/Seniors"]
[Site "Central Europe"]
[Date "2023.01.29"]
[Round "9.2.3"]
[White "Mastrovasilis, Athanasios"]
[Black "Paryokha, Serhiy"]
[Result "1/2-1/2"]
[WhiteElo "2520"]
[BlackElo "2294"]
[BlackCountry "UA"]
[BlackFideId "14198177"]
[BlackTeam "Kyiv region"]
[WhiteCountry "GR"]
[WhiteFideId "4201990"]
[WhiteTeam "Thessaloniki"]
[WhiteTitle "GM"]

1. d4 Nf6 2. c4 e6 3. Nc3 Bb4 4. e3 c5 5. Ne2 cxd4 6. exd4 O-O 7. a3 Be7 
8. Nf4 d6 9. Be2 Nc6 10. d5 exd5 11. cxd5 Ne5 12. O-O Ng6 13. Bd3 Re8 14. 
h3 Nd7 15. Nh5 Nf6 16. Ng3 Bd7 17. Be3 Ne5 18. Rc1 Nxd3 19. Qxd3 a6 20. 
Rfe1 Rc8 21. Bd4 b5 22. Nf5 Bxf5 23. Qxf5 Qd7 24. Qf3 Bd8 25. Rcd1 Rc4 26.
 Bxf6 Bxf6 27. Qf5 Qd8 28. Ne4 Be5 29. Ng5 Qf6 30. Qxh7+ Kf8 31. Nf3 g6 
32. Qh6+ Kg8 33. b3 Rc3 34. Nxe5 Rxe5 35. Rxe5 Qxe5 36. Qh4 Kg7 37. Qd4 
Qxd4 38. Rxd4 Rxb3 39. a4 b4 40. a5 Kf6 41. f4 Rb2 42. Kh2 b3 43. Rb4 Kf5 
44. Kg3 Ra2 45. Rxb3 Rxa5 46. Rb6 Rxd5 47. Rxa6 Rd3+ 48. Kf2 Kxf4 49. Ra4+
Ke5 50. Ke2 Rb3 51. Ra7 Ke6 52. Ra8 Rb7 53. Ke3 d5 54. h4 Rb3+ 55. Kf4 
Rb4+ 56. Kg5 f6+ 57. Kxg6 Rg4+ 58. Kh5 Rxg2 59. Kh6 d4 60. Rd8 Ke5 61. h5 
Rg5 62. Re8+ Kf5 63. Rd8 Ke4 64. Rd6 Ke5 65. Rd8 Ke4 66. Rd6 Ke5 67. Rd8 
Ke4 1/2-1/2

[Event "European Cities & Towns Chess Championship - Open/Seniors"]
[Site "Central Europe"]
[Date "2023.01.29"]
[Round "9.2.4"]
[White "Kirichenko, Vitaly"]
[Black "Ioannidis, Evgenios"]
[Result "0-1"]
[WhiteElo "2262"]
[BlackElo "2476"]
[BlackCountry "GR"]
[BlackFideId "4229274"]
[BlackTeam "Thessaloniki"]
[BlackTitle "IM"]
[Termination "time forfeit"]
[WhiteCountry "UA"]
[WhiteFideId "14103079"]
[WhiteTeam "Kyiv region"]

1. e4 e5 2. Nf3 Nc6 3. Bb5 a6 4. Ba4 Nf6 5. d3 b5 6. Bb3 Bc5 7. a4 b4 8. 
Nbd2 d6 9. h3 h6 10. Nc4 Be6 11. a5 O-O 12. O-O Rb8 13. Be3 Nd7 14. Ba4 
Bxe3 15. Nxe3 Nd4 16. Bxd7 Qxd7 17. Nxd4 exd4 18. Nc4 b3 19. cxb3 Rb4 20. 
Qc2 Rfb8 21. Ra3 Qb5 22. Nd2 c5 23. Nc4 Rxb3 24. Nxd6 Rxb2 25. Nxb5 Rxc2 
26. Nc7 Bc8 27. Nd5 Bd7 28. Nb6 Bb5 29. f3 Rd8 30. Rf2 Rc1+ 31. Rf1 Rc3 
32. Rxc3 dxc3 33. Nd5 c2 34. Rc1 Bxd3 35. Kf2 Rb8 36. Nb6 f5 37. Ke3 fxe4 
38. fxe4 c4 39. e5 Kf7 40. Kd4 Ke6 41. Kc3 Rf8 42. Nxc4 Bxc4 43. Kxc4 Kxe5
44. Kc5 Rc8+ 45. Kb6 Kd4 46. Kxa6 Kd3 47. Kb7 Kd2 48. Ra1 c1=Q 49. Rxc1 
Rxc1 0-1

[Event "European Cities & Towns Chess Championship - Open/Seniors"]
[Site "Central Europe"]
[Date "2023.01.29"]
[Round "9.3.1"]
[White "Tomic, Aleksandar"]
[Black "Tarhan, Adar"]
[Result "0-1"]
[WhiteElo "2417"]
[BlackElo "2321"]
[BlackCountry "TR"]
[BlackFideId "34544712"]
[BlackTeam "Istanbul - Open"]
[BlackTitle "FM"]
[WhiteCountry "ME"]
[WhiteFideId "16501799"]
[WhiteTeam "Niksic"]
[WhiteTitle "FM"]

1. d4 Nf6 2. c4 e6 3. Nf3 d5 4. Nc3 Be7 5. Bg5 O-O 6. e3 h6 7. Bh4 b6 8. 
Qc2 Bb7 9. Bxf6 Bxf6 10. cxd5 exd5 11. g4 c5 12. O-O-O Nc6 13. h4 Nb4 14. 
Qd2 cxd4 15. exd4 Qc8 16. Rg1 Nxa2+ 17. Kb1 Nxc3+ 18. bxc3 Be7 19. Ne5 
Bxh4 20. f4 Ba6 21. Bg2 Bc4 22. Kb2 Be7 23. g5 h5 24. f5 Qxf5 25. Nxc4 
dxc4 26. Bxa8 Rxa8 27. Rdf1 Qb5+ 28. Ka1 Qa5+ 29. Kb1 Rd8 30. Rf3 Rd5 31. 
Kc1 Qa1+ 32. Kc2 Qxg1 0-1

[Event "European Cities & Towns Chess Championship - Open/Seniors"]
[Site "Central Europe"]
[Date "2023.01.29"]
[Round "9.3.2"]
[White "Can, Isik"]
[Black "Krivokapic, Marko"]
[Result "1-0"]
[WhiteElo "2488"]
[BlackElo "2386"]
[BlackCountry "ME"]
[BlackFideId "931314"]
[BlackTeam "Niksic"]
[BlackTitle "IM"]
[Termination "time forfeit"]
[WhiteCountry "TR"]
[WhiteFideId "6383742"]
[WhiteTeam "Istanbul - Open"]
[WhiteTitle "IM"]

1. e4 c5 2. Nf3 d6 3. d4 cxd4 4. Nxd4 Nf6 5. Nc3 a6 6. h3 e6 7. g4 b5 8. 
g5 Nfd7 9. a3 Be7 10. h4 Bb7 11. Be3 Nc6 12. Qd2 Nde5 13. O-O-O O-O 14. f4
Nxd4 15. Qxd4 Nc6 16. Qd2 b4 17. axb4 Nxb4 18. h5 Qa5 19. Qg2 Qa1+ 20. Kd2
Qxb2 21. Bd3 Nxd3 22. Rb1 Qa3 23. Rb3 Qa5 24. cxd3 Rac8 25. Bb6 Rxc3 26. 
Bxa5 Rxb3 27. Rc1 d5 28. exd5 Bxd5 29. Qf2 Ra3 30. Bc3 Rc8 31. Qd4 f6 32. 
h6 a5 33. Qa7 Ra2+ 34. Ke1 Bf8 35. gxf6 gxf6 36. Qd4 Be7 37. Qg1+ Kf7 38. 
Qg7+ Ke8 39. Bd2 Rxc1+ 40. Bxc1 1-0

[Event "European Cities & Towns Chess Championship - Open/Seniors"]
[Site "Central Europe"]
[Date "2023.01.29"]
[Round "9.3.3"]
[White "Kisic, Bozidar"]
[Black "Makaraci, Tunahan"]
[Result "1-0"]
[WhiteElo "2303"]
[BlackElo "2296"]
[BlackCountry "TR"]
[BlackFideId "6356559"]
[BlackTeam "Istanbul - Open"]
[WhiteCountry "ME"]
[WhiteFideId "16500350"]
[WhiteTeam "Niksic"]
[WhiteTitle "FM"]

1. d4 d5 2. Bf4 c5 3. e4 dxe4 4. d5 Nf6 5. Nc3 g6 6. Qe2 Bg7 7. O-O-O O-O 
8. f3 exf3 9. Nxf3 Na6 10. h3 Nh5 11. Be5 Bxe5 12. Qxe5 Qd6 13. Bxa6 bxa6 
14. Ne4 Qxe5 15. Nxe5 Bf5 16. Nxc5 Rac8 17. g4 Rxc5 18. gxf5 Ng3 19. Rhe1 
Rfc8 20. c4 Nxf5 21. b3 Kg7 22. Kb2 a5 23. Nc6 Rc7 24. Kc3 h5 25. a3 R5xc6
26. dxc6 Rxc6 27. b4 axb4+ 28. axb4 g5 29. b5 Rc7 30. Kb4 g4 31. hxg4 hxg4
32. c5 Kf6 33. c6 g3 34. Rd7 Rc8 35. Rxa7 g2 36. Kc5 Ng3 37. Raa1 e5 38. 
b6 1-0

[Event "European Cities & Towns Chess Championship - Open/Seniors"]
[Site "Central Europe"]
[Date "2023.01.29"]
[Round "9.3.4"]
[White "Citak, Selim"]
[Black "Saric, Igor"]
[Result "0-1"]
[WhiteElo "2281"]
[BlackElo "2282"]
[BlackCountry "ME"]
[BlackFideId "909319"]
[BlackTeam "Niksic"]
[BlackTitle "FM"]
[WhiteCountry "TR"]
[WhiteFideId "6301819"]
[WhiteTeam "Istanbul - Open"]
[WhiteTitle "FM"]

1. d4 Nf6 2. c4 e6 3. Nf3 c5 4. d5 b5 5. dxe6 fxe6 6. cxb5 d5 7. Bg5 Qa5+ 
8. Qd2 Qb6 9. Bxf6 gxf6 10. Nc3 Bb7 11. e3 Nd7 12. Be2 Rd8 13. O-O f5 14. 
Nh4 Nf6 15. Qd1 Be7 16. Bh5+ Kf8 17. Be2 Rg8 18. Nf3 Ne4 19. g3 d4 20. 
exd4 cxd4 21. Nxe4 fxe4 22. Ne5 d3 23. Bh5 Rg5 24. Nc6 Rdd5 25. Nxe7 Kxe7 
26. Bg4 h5 27. Bh3 h4 28. Qa4 hxg3 29. Qb4+ Ke8 30. hxg3 Rxg3+ 31. Kh2 Rf3
32. Bg2 Rxf2 33. Kg3 Rg5+ 34. Kh4 Rgxg2 0-1

[Event "European Cities & Towns Chess Championship - Open/Seniors"]
[Site "Central Europe"]
[Date "2023.01.29"]
[Round "9.4.1"]
[White "Kourkoulos-Arditis, Stamatis"]
[Black "Hristodoulou, Panagiotis"]
[Result "1-0"]
[WhiteElo "2537"]
[BlackElo "2372"]
[BlackCountry "GR"]
[BlackFideId "4214340"]
[BlackTeam "Heraklion"]
[BlackTitle "FM"]
[WhiteCountry "GR"]
[WhiteFideId "4221990"]
[WhiteTeam "Kallithea - Athens"]
[WhiteTitle "IM"]

1. b3 e5 2. Bb2 Nc6 3. e3 g6 4. Nf3 Bg7 5. d4 e4 6. Nfd2 f5 7. c4 d6 8. 
Nc3 Nf6 9. Be2 O-O 10. O-O g5 11. f3 exf3 12. Nxf3 h6 13. Bd3 Qe8 14. Qd2 
Ne4 15. Qe2 Nxc3 16. Bxc3 Bd7 17. Rae1 Qh5 18. b4 Rae8 19. b5 Ne7 20. Qc2 
Kh8 21. Nd2 d5 22. Bb4 dxc4 23. Nxc4 Bxb5 24. Bxe7 Rxe7 25. Bxf5 Qe8 26. 
Bg6 Rxf1+ 27. Rxf1 Qc6 28. Bd3 Bxc4 29. Bxc4 b5 30. Bb3 Qxc2 31. Bxc2 Rxe3
32. Rd1 Re2 33. Bb3 Re4 34. d5 Bd4+ 35. Kf1 Be5 36. g3 Bd6 37. Kf2 Kg7 38.
 Kf3 Re5 39. a4 a6 40. axb5 axb5 41. Bc2 h5 42. h3 Kf6 43. g4 h4 44. Be4 
Re8 45. Ra1 b4 46. Ke3 Ke5 47. Kd3 Bc5 48. Rf1 Kd6 49. Rf6+ Kd7 50. Rg6 b3
51. Bf5+ Kd8 52. Kc4 b2 53. Kxc5 Re1 54. Rxg5 Rc1+ 55. Kd4 Rf1 56. Bg6 Rf6
57. Bc2 Rf2 58. Kc3 1-0